000 00611nam a2200181 a 4500
008 120416s1991 ||||||||||||||||| || u
020 _a0863411770
050 _aQC 454.R3 Wit
100 _aWithers, David J
245 1 0 _aRadio spectrum management
260 _aLondon
_bPeter Peregrinus
_c1991
300 _axi, 523p. : ill.
350 _a0.00
500 _aBibliography
650 0 _aPHYSICS
650 _aRADIO FREQUENCY ALLOCATION-MANAGEMENT
995 _D0.00
_FCBU-MAIN LIBRARY (Kitwe)
_H1
_I21.95
_M1
_UAVAILABLE
_ZAnnex Low-Usage Collection
999 _c55556
_d55556